World of Warcraft - Boss final des donjons & raids - Statistiques

Statistiques générales
  • Ce quiz a été pris 173 fois
  • Le résultat moyen est 33 sur 161
Statistiques - réponses
Hint Réponse % Correct
Coeur du Magma | Terres de feu Ragnaros
81%
La Citadelle de la Couronne de glace | Salle des reflets Le roi-liche
74%
L'Âme des dragons Aile de Mort
71%
Temple noir Illidan Hurlorage
70%
Sanctum de la Domination Sylvanas Coursevent
69%
Citadelle des Flammes infernales | La bataille du Mont Hyjal Archimonde
67%
Repaire d'Onyxia Onyxia
66%
Sépulcre des Fondateurs Le Géôlier
64%
Naxxramas Kel'Thuzad
63%
Siège d'Orgrimmar Garrosh Hurlenfer
62%
Ahn'Qiraj C'Thun
61%
Palais Sacrenuit Gul'dan
61%
Bataille de Dazar'alor Dame Jaina Portvaillant
60%
Plateau du Puits de soleil | Tombe de Sargeras Kil'Jaeden
58%
Le repaire de Magtheridon Magtheridon
57%
Ulduar Yogg-Saron
57%
Donjon de la Tempête | Terrasse des Magistères Kael'thas Haut-Soleil
56%
Repaire de Gruul Gruul le Tue-Dragon
55%
Antorus, le Trône Ardent Argus l'Annihilateur
53%
L'Oeil d'Azshara Courroux d'Azshara
53%
Descente de l'Aile noire | Repaire de l'Aile Noire Nefarian
53%
Ny'alotha N'Zoth le Corrupteur
53%
Palais Eternel Reine Azshara
52%
Trône des quatres vents Al'Akir
51%
Fonderie des Rochenoires Main-Noire
47%
L'Oeil de l'Eternité Malygos
47%
Terrasse Printanière Sha de la peur
46%
Château Nathria Sire Denatrius
46%
Fourré sombrecoeur Ombre de Xavius
44%
Le Cauchemar d'Emeraude Xavius
44%
Gueule des Âmes | Le jugement des Valeureux Helya
40%
La Prison Lardeur
40%
Uldir G'huun
39%
Caverne du sanctuaire du Serpent Dame Vashj
37%
Azjol-Nérub | L'épreuve du Croisé Anub'arak
36%
Trône du Tonnerre Lei Shen
36%
L'épuration de Stratholme Mal'Ganis
33%
Salles des Valeureux Odyn
33%
Terres sacrées d'Ombrelune Ner'zhul
31%
Caveau d'Archavon Archavon le Gardien des pierres
29%
La Fin des Temps Murozond
27%
Stratholme Seigneur Aurius Vaillefendre
26%
Temple du Serpent de Jade Sha du doute
26%
Bataille de Dazar'alor Roi Rastakhan
25%
Monastère écarlate Grande inquisitrice Blanchetête
23%
Les Mortemines Macaron
23%
Le Bastion du Crépuscule Sinestra
21%
Profondeurs de Rochenoire Empereur Dagran Thaurissan
19%
Manoir Malvoie Gorak Tul
19%
Le Sanctum Obsidien Sartharion
19%
Cavernes des Lamentations Mutanus le Dévoreur
16%
L'Autre Côté Mueh'zala
15%
Les salles brisées Chef de guerre Kargath Lamepoing
14%
Cime d'Utgarde Roi Ymiron
14%
Tazavesh, le marché dissimulé So'leah
14%
Uldaman Archaedas
13%
Gnomeran Mekgénieur Thermojoncteur
13%
Karazhan Prince Malchezaar
13%
Flèches de l'Ascension Déva
12%
Port-Liberté Harlan Sweete
12%
Cognefort Imperator Mar'gok
12%
L'épreuve du Champion Le Chevalier noir
12%
Les salles de Foudre Loken
12%
Puits d'Eternité Mannoroth
12%
Ruines d'Ahn'Qiraj Ossirian l'Intouché
12%
Monastère des Pandashan Taran Zhu
12%
Caveaux des Gardiennes Cordana Gangrechant
11%
Donjon d'Ombrecroc Seigneur Godfrey
11%
Atal'Dazar Yazma
11%
Temple des Sephraliss Avatar des Sephraliss
10%
Le Sanctum Rubis Halion
10%
Trône des Marées Ozumat
10%
Maraudon Princesse Theradras
10%
Repos des rois Roi Dazar
10%
Stratholme Balnazzar
9%
Coeur de la Peur Grande impératrice Shek'zeer
9%
Temple englouti Ombre d'Eranikus
9%
Creuset des Tempêtes Uu'nat
8%
Malepeste Margrave Stradama
7%
Haches-Tripes Roi Gordok
7%
Auchindoun Teron'gor
7%
Souilles de Tranchebauge Amnennar le Porte-Froid
6%
Cour des Etoiles Conseiller Melandrus
6%
Repaire de Neltharion Dargrul
6%
Profondeurs Sanguines Général Kaal
6%
Bastion du Freux Seigneur Kur'talos Corvaltus
6%
Siège du Triumvirat L'ura
5%
Labyrinthe des Ombres Marmon
5%
Le Filon Nabab Razzbam
5%
Sommet du pic Rochenoire Seigneur de guerre Zaela
5%
Scholomance Sombre Maître Gandling
5%
La cime du Vortex Asaad
4%
Salles de l'Expiation Grand Chambellan
4%
La fournaise du sang Keli'danle Briseur
4%
Donjon de Drak'Tharon Le prophète Tharon'ja
4%
Bas du pic Rochenoire Seigneur Wyrmthalak
4%
Cité perdue des Tol'vir Siamat
4%
La Botanica Brise-Dimension
3%
Kraal de Tranchebauge Charlga Trancheflanc
3%
Grim Batol Erudax
3%
Cryptes Auchenaï Exarque Maladaar
3%
Le Nexus Keristrasza
3%
Tréfonds Putrides Monstruosité déchaînée
3%
Sillage nécrotique Nalthor le Lieur-de-Givre
3%
Remparts des flammes infernales Omor l'Intouché
3%
Bastion de Baradin Alizabal
2%
Ahn'kahet: l'Ancien Royaume Amanitar
2%
Zul'Farrak Chef Ukorz Scalpessable
2%
L'Arcavia Conseiller Vandros
2%
Le fort pourpre Cyanigosa
2%
Zul'Aman Daakara
2%
La Forge des Âmes Dévoreur d'âmes
2%
Gouffre de Ragefeu Garde de lave Gordoth
2%
Le Coeur-de-pierre Grande prêtresse Azil
2%
Haches-Tripes Immol'thar
2%
La Basse-Tourbière La Traqueuse noire
2%
Cathédrale de la Nuit éternelle Méphistroth
2%
Théâtre de la Souffrance Mordretha, l'impératrice immortelle
2%
Tombes-mana Prince-nexus Shaffar
2%
Salles de l'origine Rajh
2%
Les sallesdes Sethekk Roi-serre Ikiss
2%
Cavernes de Rochenoire Seigneur ascendant Obsidius
2%
Fosse de Saron Seigneur du fléau Tyrannus
2%
Salles écarlates Tisseur de flammes Koegler
2%
Brumes de Tirna Scithe Tred'ova
2%
Palais Mogu'shan Xin le Maître d'armes
2%
Haches-Tripes Alzzin le Modeleur
1%
L'Heure du Crépuscule Archevêque Benedictius
1%
Orée-du-Ciel Grand sage Viryx
1%
L'Arcatraz Messager Cieuriss
1%
Le Méchanar Pathaleon le Calculateur
1%
Porte du Soleil couchant Raigonn
1%
L'Oculus Seigneur-mage Urom
1%
Les salles de Pierre Sjonnir le Sculptefer
1%
Donjon d'Utgarde Skarvald le Constructeur
1%
Tol Dagor Surveillant Korgus
1%
Siège de Boralus Viq'Goth
1%
La Flore éternelle Yalnu
1%
Brasserie Brune d'Orage Yan Zhu le Déballonné
1%
Le Noir marécage Aeonus
0%
Les enclos aux esclaves Bourbierrieux
0%
Contrefortsde Hautrebande d'antan Chasseur d'époques
0%
Siège du temple de Niuzao Chef d'escadre Ner'onok
0%
Quais de Fer Crânoc
0%
Assaut sur le Fort Pourpre Gangreseigneur Betrug
0%
Profondeurs de Brassenoire Gardien des profondeurs
0%
Mine de la Masse-Sanglante Gug'rokk
0%
Caveaux Mogu'shan Jan Xi
0%
Gundrak Moorabi
0%
Le caveau de la vapeur Seigneur de guerre Kalithresh
0%
Dépôt de Tristerail Seigneur du ciel Tovra
0%
Retour à Karazhan Viz'aduum l'Observateur
0%
Sanctuaire des Tempêtes Vol'zith l'Insidieuse
0%
Aucun quiz correspondant
Distribution des résultats
% des personnes avec chaque résultat
Percentile par nombre de réponses
Votre historique - résultats
Vous n’avez pas pris ce quiz